[Event "5th Danzhou Tournament"]
[Site "Danzhou CHN"]
[Date "2014.07.03"]
[EventDate "2014.06.25"]
[Round "8"]
[Result "0-1"]
[White "Wei Yi"]
[Black "Ruslan Ponomariov"]
[WhiteElo "2634"]
[BlackElo "2723"]
[PlyCount "108"]

1. b3 Nf6 2. Bb2 e6 3. e3 c5 4. f4 b6 5. Nf3 Bb7 6. Rg1 Nc6
7. g4 d5 8. g5 Nd7 9. Nc3 Qc7 10. f5 O-O-O 11. fxe6 fxe6
12. Bh3 Re8 13. Qe2 a6 14. O-O-O Bd6 15. Kb1 Kb8 16. d4 b5
17. dxc5 Nxc5 18. a3 b4 19. axb4 Nxb4 20. Rd4 Qa5 21. Rgg4 Nd7
22. Na4 Nc6 23. Rd1 Nde5 24. Rf4 Re7 25. Nxe5 Nxe5 26. Rdf1
Rc8 27. Rf8 Nc4 28. Bc3 Qb5 29. Ka2 Rec7 30. Rxc8+ Bxc8 31. e4
Na3 32. Qf2 e5 33. Bxc8 Rxc8 34. exd5 Nxc2 35. Kb2 Nd4
36. Bxd4 exd4 37. Rd1 Re8 38. Re1 Rxe1 39. Qxe1 Qxd5 40. h4 d3
41. Qd2 Qe4 42. Qa5 Be5+ 43. Ka3 Qd4 44. Qxa6 d2 45. Qb5+ Kc7
46. Nc5 Qa1+ 47. Kb4 Bc3+ 48. Kc4 Qf1+ 49. Nd3 d1=Q 50. Qc5+
Kd7 51. Qb5+ Ke7 52. Qc5+ Ke8 53. Qc6+ Kf8 54. Qa8+ Kf7 0-1

[Event "World Junior Championship"]
[Site "Pune IND"]
[Date "2014.10.07"]
[EventDate "2014.10.06"]
[Round "2.3"]
[Result "0-1"]
[White "Borya Ider"]
[Black "Wei Yi"]
[WhiteElo "2394"]
[BlackElo "2641"]
[PlyCount "82"]

1. Nf3 Nf6 2. c4 g6 3. Nc3 Bg7 4. e4 c5 5. g3 Nc6 6. Bg2 d6
7. O-O O-O 8. d3 a6 9. Re1 Bg4 10. h3 Bxf3 11. Bxf3 Nd7
12. Bg2 Nd4 13. Be3 b5 14. Ne2 bxc4 15. dxc4 Nc6 16. Rb1 Rb8
17. Qd2 a5 18. Nc3 Nd4 19. Bxd4 cxd4 20. Nb5 Qb6 21. b3 h5
22. Red1 e5 23. Bf3 Nc5 24. Qg5 Rbe8 25. Qd2 Kh7 26. h4 f5
27. Qe2 d3 28. Rxd3 Nxd3 29. Qxd3 fxe4 30. Bxe4 Qxf2+ 31. Kh1
Rf6 32. Rg1 Ref8 33. Qd1 Kh8 34. Nxd6 Bh6 35. Qd5 Be3 36. Rg2
Qe1+ 37. Kh2 Bd4 38. Nb5 Rf1 39. Rc2 R1f4 40. Bg2 Rxh4+
41. gxh4 Bg1+ 0-1

[Event "Chinese Championship"]
[Site "Xinghua CHN"]
[Date "2015.05.19"]
[EventDate "2015.05.18"]
[Round "2.1"]
[Result "1/2-1/2"]
[White "Wei Yi"]
[Black "Yu Yangyi"]
[WhiteElo "2718"]
[BlackElo "2723"]
[PlyCount "60"]

1. e4 c5 2. Nf3 e6 3. Be2 Nc6 4. Nc3 Nf6 5. O-O d5 6. exd5
Nxd5 7. d4 cxd4 8. Nxd4 Be7 9. Nxd5 exd5 10. Bf4 O-O 11. Bf3
Bf6 12. Nb5 Bxb2 13. Rb1 Be5 14. Bxe5 Nxe5 15. Bxd5 Bf5 16. f4
Nd3 17. Qf3 Nc5 18. Rfd1 Qe7 19. Nd4 Be4 20. Bxe4 Nxe4 21. Rb5
Nd6 22. Rd5 Rfe8 23. Qa3 Ne4 24. Qxe7 Rxe7 25. Nf5 Ree8
26. Rd7 Nc3 27. R1d6 b6 28. Rc6 Ne2+ 29. Kf1 Nxf4 30. Rcc7 Ne6
1/2-1/2

[Event "friendly rapid"]
[Site "Leon ESP"]
[Date "2015.06.??"]
[EventDate "?"]
[Round "1"]
[Result "1-0"]
[White "Wei Yi"]
[Black "Jaime Santos Latasa"]
[WhiteElo "2721"]
[BlackElo "2511"]
[PlyCount "71"]

1. e4 c5 2. Nf3 d6 3. d4 cxd4 4. Nxd4 Nf6 5. Nc3 a6 6. Bg5 e6
7. f4 Qb6 8. Qd2 Qxb2 9. Rb1 Qa3 10. e5 dxe5 11. fxe5 h6
12. Bh4 g5 13. exf6 gxh4 14. Be2 Nd7 15. Ne4 Qxa2 16. O-O Qd5
17. Qe3 Qe5 18. Kh1 Bc5 19. c3 b5 20. Bf3 Bb7 21. Qd3 O-O-O
22. Nxb5 Nb6 23. Nxc5 Rxd3 24. Bxb7 Kb8 25. Nxd3 Qe2 26. Nf4
Qa2 27. Ra1 Qc4 28. Bxa6 e5 29. Nh3 Rg8 30. Rf2 e4 31. Rb2 Qc5
32. Nd4 Rd8 33. Nf2 h3 34. Nxe4 hxg2+ 35. Kg1 Qc7 36. Rab1 1-0

[Event "28th Leon Rapid"]
[Site "Leon ESP"]
[Date "2015.07.13"]
[EventDate "2015.06.12"]
[Round "1.1"]
[Result "0-1"]
[White "David Anton Guijarro"]
[Black "Wei Yi"]
[WhiteElo "2626"]
[BlackElo "2721"]
[PlyCount "56"]

1. d4 Nf6 2. c4 g6 3. Nc3 d5 4. cxd5 Nxd5 5. Bd2 Nb6 6. e3 Bg7
7. f4 O-O 8. Nf3 Be6 9. Ne4 Nc4 10. Qc2 Nxd2 11. Nfxd2 Nd7
12. Ng5 c5 13. dxc5 Bd5 14. e4 Bc6 15. Bc4 Qa5 16. Rc1 e6
17. O-O Qxc5+ 18. Kh1 Qe7 19. Ngf3 Rac8 20. Qb1 Qb4 21. Bb3
Nc5 22. Rc4 Qb6 23. Rcc1 Rfd8 24. f5 exf5 25. exf5 Bxf3
26. Nxf3 Nxb3 27. axb3 Qxb3 28. fxg6 hxg6 0-1

[Event "28th Leon Rapid"]
[Site "Leon ESP"]
[Date "2015.07.13"]
[EventDate "2015.06.12"]
[Round "1.2"]
[Result "1/2-1/2"]
[White "Wei Yi"]
[Black "David Anton Guijarro"]
[WhiteElo "2721"]
[BlackElo "2626"]
[PlyCount "56"]

1. e4 e6 2. d4 d5 3. Nd2 Be7 4. Bd3 c5 5. dxc5 Nf6 6. Qe2 O-O
7. Ngf3 a5 8. O-O Na6 9. e5 Nd7 10. c4 Naxc5 11. Bc2 b6 12. b3
Qc7 13. Bb2 Rd8 14. cxd5 exd5 15. Rfc1 Re8 16. a3 Qb8 17. b4
axb4 18. axb4 Rxa1 19. Bxa1 Ne6 20. Qd3 Ndf8 21. Qxd5 Bb7
22. Qb5 Rc8 23. Bb2 Nf4 24. Be4 Rd8 25. Bd4 N8e6 26. Be3 h6
27. Bxf4 Nxf4 28. Re1 Bc8 1/2-1/2

[Event "Bilbao"]
[Site "Bilbao ESP"]
[Date "2016.07.19"]
[EventDate "2016.07.13"]
[Round "6"]
[Result "1-0"]
[White "Wei Yi"]
[Black "Anish Giri"]
[WhiteElo "2696"]
[BlackElo "2785"]
[PlyCount "83"]

1. e4 e5 2. Nf3 Nc6 3. Bb5 Nf6 4. O-O Nxe4 5. d4 Nd6 6. Bxc6
dxc6 7. dxe5 Nf5 8. Qxd8+ Kxd8 9. h3 h5 10. Nc3 Be7 11. Bf4
Be6 12. Rad1+ Kc8 13. Ng5 Bxg5 14. Bxg5 b6 15. g4 hxg4
16. hxg4 Nh4 17. Bxh4 Rxh4 18. f3 Kb7 19. Kg2 Rah8 20. Rh1
Rxh1 21. Rxh1 Rxh1 22. Kxh1 c5 23. Kg2 Kc6 24. a4 a6 25. Kg3
b5 26. axb5+ axb5 27. f4 b4 28. Ne4 Ba2 29. Nd2 Kd5 30. c3
bxc3 31. bxc3 g5 32. Kf3 Ke6 33. c4 gxf4 34. Kxf4 f6 35. exf6
Kxf6 36. g5+ Kg6 37. Kg4 Kg7 38. Kh5 Kh7 39. g6+ Kg7 40. Kg5
c6 41. Kh5 Kg8 42. Kh6 1-0